History of Universities (Record no. 20519)
[ view plain ]
| 000 -LEADER | |
|---|---|
| fixed length control field | 00572nam a2200121Ia 4500 |
| 008 - FIXED-LENGTH DATA ELEMENTS--GENERAL INFORMATION | |
| fixed length control field | 220616s9999||||xx |||||||||||||| ||und|| |
| 245 #0 - TITLE STATEMENT | |
| Title | History of Universities |
| Remainder of title | Volume XXXIV/1: A Global History of Research Education: Disciplines, Institutions, and Nations, 1840-1950 |
| 546 ## - LANGUAGE NOTE | |
| Language note | English[eng] |
| 650 ## - SUBJECT ADDED ENTRY--TOPICAL TERM | |
| Topical term or geographic name entry element | higher education, research training, academic laboratory science, language scholars, Meiji Japan, physics researchers |
| 700 ## - ADDED ENTRY--PERSONAL NAME | |
| Personal name | Ku, Ming Chang||Rocke, Alan |
| 856 ## - ELECTRONIC LOCATION AND ACCESS | |
| Uniform Resource Identifier | <a href="https://library.oapen.org/bitstream/20.500.12657/52067/1/9780192844774.pdf">https://library.oapen.org/bitstream/20.500.12657/52067/1/9780192844774.pdf</a> |
| 942 ## - ADDED ENTRY ELEMENTS (KOHA) | |
| Koha item type | E-Books |
| Withdrawn status | Lost status | Damaged status | Not for loan | Home library | Current library | Date acquired | Total Checkouts | Date last seen | Price effective from | Koha item type |
|---|---|---|---|---|---|---|---|---|---|---|
| Kerala University of Digital Sciences, Innovation and Technology Knowledge Centre | Kerala University of Digital Sciences, Innovation and Technology Knowledge Centre | 16/06/2022 | 16/06/2022 | 16/06/2022 | E-Books |